Grammaire 450 nouveaux exercices

Bewaard in:
Bibliografische gegevens
Hoofdauteur: Siréjols, Évelyne
Formaat: Boek
Taal:Undetermined
Gepubliceerd in: Paris CLE International 2004
Onderwerpen:
Tags: Voeg label toe
Geen labels, Wees de eerste die dit record labelt!
Thư viện lưu trữ: Trung tâm Học liệu Trường Đại học Cần Thơ
LEADER 00557nam a2200205Ia 4500
001 CTU_139376
008 210402s9999 xx 000 0 und d
020 |c 256000 
082 |a 445 
082 |b S619 
100 |a Siréjols, Évelyne 
245 0 |a Grammaire 450 nouveaux exercices 
245 0 |c Évelyne Siréjols, Dominique Renaud 
260 |a Paris 
260 |b CLE International 
260 |c 2004 
650 |a French language 
650 |x Study and teaching 
904 |i Giang 
980 |a Trung tâm Học liệu Trường Đại học Cần Thơ